Aplikovateľnosť a citlivosť mikroelektronických kapacitných akcelerometrov v oblasti merania vibrácií

Salvato in:
Dettagli Bibliografici
Autore principale: Zmitko, Patrik (Autore)
Altri autori: Gašparovič, Ľuboš (Relatore della tesi)
Natura: Manoscritto Libro
Lingua:slovacco
Pubblicazione: 2023
Soggetti:
Accesso online:http://is.stuba.sk/zp/portal_zp.pl?podrobnosti=171665
Tags: Aggiungi Tag
Nessun Tag, puoi essere il primo ad aggiungerne!!

MARC

LEADER 00000ntm a22000003a 4500
001 stuzp94713
003 SK-STU
005 20230909222943.9
007 ta
008 150427s2015----xo-----f-mn---000-0-slo-d
040 |a STU  |b slo 
041 0 |a slo 
100 1 |a Zmitko, Patrik  |u 020010  |4 aut  |U SjF Strojnícka fakulta  |T SjF Ústav aplikovanej mechaniky a mechatroniky  |X 104007  |U J0010  |Y 801  |7 104007 
242 0 1 |a Utilisation and sensitivity and measurement range of capacitive microelectronics accelerometers in field of vibration measurement  |y eng 
245 1 0 |a Aplikovateľnosť a citlivosť mikroelektronických kapacitných akcelerometrov v oblasti merania vibrácií 
260 |c 2023 
650 4 |a MEMS kapacitný akcelerometer  |2 slo 
650 4 |a modálna a harmonická analýza  |2 slo 
650 4 |a meranie vibrácií  |2 slo 
650 4 |a modal and harmonic analysis  |2 eng 
650 4 |a MEMS capacitive accelerometer  |2 eng 
650 4 |a vibration measurement  |2 eng 
700 1 |a Gašparovič, Ľuboš  |u 020000  |k Z3  |4 ths  |T SjF Strojnícka fakulta  |X 54841  |U J  |Y 20  |7 54841 
856 4 |u http://is.stuba.sk/zp/portal_zp.pl?podrobnosti=171665